Statistieken voor Europese Landen in hun Eigen Taal

Klik hier om de quiz te nemen!

Algemene statistieken

  • Deze quiz is 3.383 keer genomen
  • De gemiddelde score is 34 van 45

Antwoordstatistieken

CountryEngels% Correct
DanmarkDenemarken
99%
DeutschlandDuitsland
99%
ItaliaItalië
99%
EspañaSpanje
99%
United KingdomVerenigd Koninkrijk
99%
NederlandNederland
98%
ÍslandIJsland
97%
ÖsterreichOostenrijk
97%
BelgiëBelgië
96%
FranceFrankrijk
94%
PolskaPolen
93%
LiechtensteinLiechtenstein
92%
MaltaMalta
91%
MonacoMonaco
91%
PortugalPortugal
91%
San MarinoSan Marino
91%
AndorraAndorra
90%
SlovenijaSlovenië
89%
NorgeNoorwegen
88%
RomâniaRoemenië
88%
Česká republikaTsjechië
88%
SchweizZwitserland
88%
KosovaKosovo
87%
LatvijaLetland
87%
MoldovaMoldavië
87%
LietuvaLitouwen
86%
SlovenskoSlowakije
86%
Città del VaticanoVaticaanstad
83%
EestiEstland
82%
LëtzebuergLuxemburg
68%
ÉireIerland
64%
ΕλλάδαGriekenland
62%
SverigeZweden
58%
РоссияRusland
52%
SuomiFinland
51%
HrvatskaKroatië
48%
Северна
Македонија
Noord-Macedonië
48%
БългарияBulgarije
44%
Босна и
Херцеговина
Bosnië en Herzegovina
41%
MagyarországHongarije
41%
УкраїнаOekraïne
41%
Белару́сьBelarus
40%
ShqipëriAlbanië
33%
СрбијаServië
33%
Црна ГораMontenegro
29%

Scoreverdeling

Percentiel versus Aantal Correcte Antwoorden

Procent van Mensen met Elke Score

Uw Scoregeschiedenis

U heeft deze quiz nog niet genomen